LEADER 01017nam0-22002891i-450- 001 990000041600403321 035 $a000004160 035 $aFED01000004160 035 $a(Aleph)000004160FED01 035 $a000004160 100 $a20011111d--------km-y0itay50------ba 101 0 $aita 105 $ay-------001yy 200 1 $aBOLLETTINO delle opere moderne straniere acquistate dalle bibioteche pubbliche governative italiane$eindice$e1931-1940. 210 $aRoma$cBibioteca nazionale centrale Vittorio Emanuele II$d1974 215 $a1006 p.$d26 cm 300 $aIn testa al front. : Bibioteca Nazionale Centrale Vittorio Emanuele II di Roma 610 0 $aCataloghi bibliografici$a1931$a1940 676 $a019 801 0$aIT$bUNINA$gRICA$2UNIMARC 901 $aBK 912 $a990000041600403321 952 $a13 U 31 05$b392$fFINBC 959 $aFINBC 996 $aBOLLETTINO delle opere moderne straniere acquistate dalle bibioteche pubbliche governative italiane$9106501 997 $aUNINA DB $aING01 LEADER 01658nam0 2200373 i 450 001 RAV1262915 005 20251003044330.0 010 $a8820334046 020 $aIT$b2005-2507 100 $a20060424d2004 ||||0itac50 ba 101 | $aita 102 $ait 181 1$6z01$ai $bxxxe 182 1$6z01$an 200 1 $aˆL'‰impresa balneare$estoria, evoluzione e futuro del turismo di mare$fBartolomeo Corsini 210 $aMilano$cU. Hoepli$d[2004] 215 $a193 p.$cill.$d21 cm. 225 | $aTurismi e turisti 410 0$1001NAP0281796$12001 $aTurismi e turisti 606 $aStabilimenti balneari$xItalia$2FIR$3CFIC151203$9I 676 $a338.4$9Produzione. Industrie secondarie e servizi$v14 676 $a338.479145$9BENI E SERVIZI. Turismo. Italia$v21 696 $aImpianti balneari$aBagni 699 $aStabilimenti balneari$yImpianti balneari 699 $aStabilimenti balneari$yBagni 700 1$aCorsini$b, Bartolomeo$f <1962- >$3MILV146487$4070$0437860 801 3$aIT$bIT-000000$c20060424 850 $aIT-BN0095 901 $bNAP 01$cPOZZO LIB.$nVi sono collocati fondi di economia, periodici di ingegneria e scienze, periodici di economia e statistica e altri fondi comprendenti documenti di economia pervenuti in dono. 912 $aRAV1262915 950 0$aBiblioteca Centralizzata di Ateneo$c1 v.$d 01POZZO LIB.ECON MON 1826$e 0101 0000136365E VMA 1 v. (Precedente collocazione: DASES A 148)$fB $h20090511$i20090511 977 $a 01 996 $aImpresa balneare$966220 997 $aUNISANNIO